Back story #30/ Robert B. Parker.
Available copies
- 3 of 3 copies available at LARL/NWRL Consortium.
- 1 of 1 copy available at Lake Agassiz Regional Library. (Show preferred library)
Current holds
0 current holds with 3 total copies.
Show Only Available Copies
| Location | Call Number / Copy Notes | Barcode | Shelving Location | Status | Due Date |
|---|---|---|---|---|---|
| Moorhead Public Library | M PAR (Text) | 33500010622983 | Main | Available | - |
| Greenbush Public Library | PAR (Text) | 35500003271812 | Main | Available | - |
| Thief River Falls Public Library | PAR (Text) | 35500003269402 | Main | Available | - |
Record details
- ISBN: 0399149775 (acid-free paper)
- Physical Description: 291 p. ; 24 cm.
- Publisher: New York : G.P. Putnam's Sons, c2003.
Search for related items by subject
| Subject: | Adult Mystery Spenser (Fictitious character) > Fiction. Private investigators > Massachusetts > Boston > Fiction. Boston (Mass.) > Fiction. |
| Genre: | Mystery fiction. |
Search for related items by series
| LDR | 01666cam a22003618a 4500 | ||
|---|---|---|---|
| 001 | 45800 | ||
| 003 | LARL_NWRL_CONSORTIUM | ||
| 005 | 20021105081824.0 | ||
| 008 | 021031s2003 nyu 000 0 eng | ||
| 020 | . | ‡a0399149775 (acid-free paper) | |
| 035 | . | ‡a(OCoLC)50948817 | |
| 035 | 0 | 0. | ‡ilcmarc/BBL-9619/KRLTECH2 |
| 082 | 0 | 0. | ‡a813/.54 ‡221 |
| 099 | . | ‡aPar | |
| 100 | 1 | . | ‡aParker, Robert B., ‡d1932-2010. ‡0(LARL_NWRL_CONSORTIUM)57851 |
| 245 | 1 | 0. | ‡aBack story ‡n#30/ ‡cRobert B. Parker. |
| 260 | . | ‡aNew York : ‡bG.P. Putnam's Sons, ‡cc2003. | |
| 300 | . | ‡a291 p. ; ‡c24 cm. | |
| 490 | 0 | . | ‡aSpenser ; ‡v30 |
| 650 | . | ‡aAdult Mystery | |
| 650 | 0. | ‡aSpenser (Fictitious character) ‡vFiction. ‡0(LARL_NWRL_CONSORTIUM)167528 | |
| 650 | 0. | ‡aPrivate investigators ‡zMassachusetts ‡zBoston ‡vFiction. ‡0(LARL_NWRL_CONSORTIUM)166816 | |
| 651 | 0. | ‡aBoston (Mass.) ‡vFiction. ‡0(LARL_NWRL_CONSORTIUM)163633 | |
| 655 | 7. | ‡aMystery fiction. ‡2gsafd | |
| 901 | . | ‡a45800 ‡bOCLC ‡c45800 ‡tbiblio | |

Add to basket
Permalink
Disable Highlighting